| 000 | 00492nam a2200157Ia 4500 | ||
|---|---|---|---|
| 008 | 230718s9999 xx 000 0 und d | ||
| 041 | _aeng | ||
| 082 |
_a158.1 _bRAM |
||
| 100 |
_aRamaswamy V. _9170865 |
||
| 245 |
_aPower Of Co-Creation _bBuild It With Them To Boost Growth, Productivity And Profits |
||
| 260 |
_c2010 _bFree Press |
||
| 300 | _a276 | ||
| 365 |
_cRs. _b395.00 |
||
| 700 |
_aRamaswamy V. & Gouillart F. _9191762 |
||
| 906 |
_dO:0143528-Dec-2010B:600826-Oct-2010 _cGENRL _b98.75 |
||
| 999 |
_c326774 _d326774 |
||